00266nam a2200085Ia 4500008004100000041000800041100001800049245007600067260003700143241105s9999 xx 000 0 und d aeng aVichare Purva aZero Energy Design Commercial Retail Building In Warm And Humid Climate bM.Arch Environmental, Punec2014